000 00730nam a2200241Ia 4500
008 140626s9999 xx 000 0 und d
100 _aMurray, Tracey.
245 _aBuyer beware :
_bstopping fraud in nursing education /
_cTracey Murray ... [et al.].
260 _cc2012.
300 _a8 : 9, page 702
440 _aThe Journal for Nurse Practitioners (JNP)
521 _aNUR
650 _aAccreditation mills.
650 _aAccreditation.
650 _aBoard of Nursing.
650 _aDegree-granting institutions.
650 _aDiploma fraud.
650 _aDiploma mills.
650 _aNursing education.
650 _aNursing regulation.
650 _aUnaccredited unapproved nursing school.
942 _cSE
999 _c121441
_d121441